| 000 | 01838nam a2200265Ia 4500 | ||
|---|---|---|---|
| 005 | 20140410171928.0 | ||
| 008 | 130821s2006 xx a gs mul | ||
| 040 |
_aCo-BoUCM _bspa |
||
| 041 | 0 | 0 |
_aspa _aeng _apor _afre |
| 092 | _aDVD 0392 | ||
| 245 | 0 | 0 |
_aHigh School Musical _c[DVD] |
| 260 |
_a[Lugar desconocido] _bWalt Disney Home Entertainment, Disney Channel _c2006 |
||
| 300 |
_a1 DVD _bson., color |
||
| 500 | _aSINOPSIS: Durante unas vacaciones de Navidad, los jóvenes Troy y Gabriella (dos adolescentes en principo con pocas cosas en común) se conocen. Ambos descubren su interés mutuo por la música durante un concurso de karaoke, y deciden presentarse al casting del musical del instituto. Película-musical estadounidense estrenada el 20 de enero de 2006 por el canal de televisión Disney Channel y ganadora de un premio Emmy. Desde su estreno en 2006 se ha vuelto la Película Original de Disney Channel más exitosa hasta el momento. | ||
| 508 | _aCREDITOS : Dirección, Kenny Ortega; Producción, Don Schain; Guión, Peter Barsocchini; Música, David Lawrence, Jason Collyns; Editor, Seth Flaum; Fotografía, Gordon Lonsdale. | ||
| 511 | _aZac Efron (Troy Bolton), Vanessa Hudgens (Gabriella Montez), Ashley Tisdale (Sharpay Evans), Lucas Grabeel (Ryan Evans), Corbin Bleu (Chad Danforth), Monique Coleman (Taylor McKessie ). | ||
| 546 | _aAudio en Inglés, Español y Portugués. Subtítulos en Inglés, Portugués y Español. | ||
| 650 | 0 | 4 |
_aEntretenimiento _926487 |
| 650 | 0 | 4 |
_aPelículas cinematográficas _zEstados Unidos _vDVD _97903 |
| 650 | 0 | 4 |
_aPelículas musicales _vDVD _921241 |
| 700 | 1 |
_aOrtega, Kenny _d1950- _edir. |
|
| 710 | 1 | _aWalt Disney Home Entertainment | |
| 856 | 0 | 4 |
_uhttp://www.youtube.com/watch?v=ukDLkkvZYFk _zSiga este vínculo para ver el trailer. |
| 942 |
_cMULTIMEDIA _2LOCAL _a11 _e1 |
||
| 999 |
_c59457 _d59457 |
||